| 000 | 00472nam a22001697a 4500 | ||
|---|---|---|---|
| 003 | BD-DhUL | ||
| 005 | 20171122120022.0 | ||
| 008 | 171122s1323 ii ||||| |||| 00| 0 per d | ||
| 040 |
_aBD-DhUL _cBD-DhUL |
||
| 082 |
_a891.551 _bWAK |
||
| 100 | 0 | _aواسطی | |
| 245 | 0 |
_aکلیات واسطی / _cواسطی |
|
| 260 |
_aلکھنو : _bمطبع نامی منشی، _c۱۳۲۳۔ |
||
| 300 |
_aص۔ ۲۰۰ ؛ _c۲۴ سم۔ |
||
| 650 | 0 | _aPersian poetry | |
| 942 |
_2ddc _cBK |
||
| 999 |
_c232353 _d232353 |
||